000 01045nam0a22002291 4500
001 rc\3223864
005 20260406182603.0
035 _a(NLR Aleph) 007366294
090 _a6360415
_c6360415
100 _a20130115d1972 |||y0rusy50 ca
101 0 _arus
102 _aRU
105 _aa z |||||
200 1 _aМатериалы юбилейной научной сессии, посвященной 50-летию образования СССР и Якутской АССР
_fМ-во высш. и сред. спец. образ. РСФСР. Якут. гос. ун-т
210 _aЯкутск
_cБ. и.
_d1972
215 _a209 с.
_cил.
_d21
710 0 2 _aЯкутский государственный университет им. М. К. Аммосова
_bНаучная сессия, посвященная 50-летию образования СССР и Якутской АССР
_f1972
_9390957
_3RU\NLR\AUTH\889947667
801 0 _aRU
_bNLR
_gpsbo
801 1 _aRU
_bELAR
_2rusmarc
852 _aNLR
_j72-3/10990
942 _cBOOK
980 _aNB